[Event "Ardennes-ch 0102"]
[Site "Ardennes"]
[Date "2001.??.??"]
[Round "?"]
[White "Lamoureux, Guillaume"]
[Black "Coen, Jean Jacques"]
[Result "0-1"]
[WhiteElo "1390"]
[BlackElo "1730"]
[PlyCount "48"]
[EventDate "2001.??.??"]
[EventType "swiss"]
[EventRounds "9"]
[EventCountry "FRA"]
[SourceTitle "EXT 2008"]
[Source "ChessBase"]
[SourceDate "2007.11.25"]
[SourceVersion "1"]
[SourceVersionDate "2007.11.25"]
[SourceQuality "1"]

1. e4 e6 2. Nc3 d5 3. d4 c5 4. Nf3 Nc6 5. Bb5 a6 6. Bxc6+ bxc6 7. Be3 cxd4 8. Nxd4 c5 9. Nc6 Qd6 10. exd5 exd5 11. Qxd5 Qxd5 12. Nxd5 Bd6 13. Bxc5 Bxc5 14. Nc7+ Kd7 15. Nxa8 Kxc6 16. Rd1 Nf6 17. b4 Bxb4+ 18. c3 Bxc3+ 19. Ke2 Ba5 20. Rb1 Re8+ 21. Kf3 Bg4+ 22. Kg3 Rxa8 23. f3 Bf5 24. Rbc1+ Kd6 0-1